Država koje počinju slovom I - Statistics

General Stats
  • This quiz has been taken 809 times
  • The average score is 5 of 7
Answer Stats
Zemlje % Correct
Irska
90%
Irak
78%
Iran
77%
Island
76%
Indija
75%
Indonezija
75%
Italija
71%
No matching quizzes found
Score Distribution
Percent of People with Each Score
Percentile by Number Answered
Your Score History
You have not taken this quiz